| 000 | 00474nam a2200157 a 4500 | ||
|---|---|---|---|
| 001 | 1278 | ||
| 003 | CDMR | ||
| 005 | 20130321155811.0 | ||
| 008 | 130130s1994||||||||||||||||||||||||||||d | ||
| 020 | _a8476022379 | ||
| 040 |
_aCDMR _bcat _cCPC GIRONA |
||
| 245 | 0 | 0 |
_aFamília i canvi social a la Catalunya contemporània _cRosa Congost ... [et al.] ; autors-coordinadors: Santi Ponce, Llorenç Ferrer |
| 260 |
_c1994 _bEumo _aVic |
||
| 700 | 1 |
_9995 _aPonce, Santi |
|
| 942 |
_cMON _2udc |
||
| 999 |
_c1278 _d1278 |
||